[Event "Invitational"]
[Site "Seattle"]
[Date "2008.02.09"]
[Round "1"]
[White "Cloy, Elston"]
[Black "Smith, Allen S"]
[Result "0-1"]
[WhiteElo "1958"]
[BlackElo "1998"]
[Annotator "Harrison"]
[PlyCount "84"]
[EventDate "2008.02.??"]
[Source "Harrison"]
[SourceDate "2008.03.19"]

1. d4 d5 2. Nf3 Nf6 3. c4 c6 4. Nc3 e6 5. e3 Nbd7 6. Qc2 Be7 7. g4 O-O 8. g5
Ne8 9. Bd2 (9. Bd3 f5 10. gxf6 Nexf6 $2 11. Ng5 Nb8 12. Bxh7+ Kh8 13. h4 c5 14.
Ne2 dxc4 15. Nf4 g6 16. Nxg6+ Kg7 17. Nxf8 Kxf8 18. Qg6 {
1-0, Harrison-Li, Seattle City Ch 2008}) 9... Bxg5 10. Nxg5 Qxg5 11. O-O-O Qe7
12. e4 dxc4 13. Bxc4 b5 14. Bd3 Bb7 15. Kb1 $2 (15. e5) 15... a6 (15... c5 $1
16. Nxb5 $2 a6 $1 $17) 16. e5 f5 17. exf6 Nexf6 18. Bg5 Qf7 19. Rhg1 Kh8 20.
Qe2 c5 21. dxc5 Nxc5 22. Bc2 b4 23. Bxf6 gxf6 24. Na4 Nxa4 25. Bxa4 Rad8 26.
Bb3 Rxd1+ 27. Rxd1 Bc8 28. Qc4 Qe7 29. f4 a5 30. Qe4 Bd7 31. Qb7 Rd8 32. Qc7 e5
33. Ka1 Rc8 34. Qxa5 exf4 35. Qd5 Qe3 36. Rb1 Bh3 37. Qf7 Qd4 38. Be6 Bxe6 39.
Qxe6 Rd8 40. Qe7 f3 41. a3 bxa3 42. Qxa3 Qd5 0-1

[Event "Invitational"]
[Site "Seattle"]
[Date "2008.02.09"]
[Round "1"]
[White "Kolde, Sterling"]
[Black "Calpo, Ben"]
[Result "0-1"]
[WhiteElo "1825"]
[BlackElo "2018"]
[PlyCount "98"]
[EventDate "2008.02.??"]
[Source "Harrison"]
[SourceDate "2008.03.19"]

1. e4 e6 2. d4 d5 3. Nc3 Nf6 4. e5 Nfd7 5. Nce2 c5 6. c3 Nc6 7. f4 Be7 8. Nf3
O-O 9. a3 cxd4 10. Nexd4 a5 11. Bd3 Nc5 12. Bc2 f5 13. exf6 Bxf6 14. O-O Bd7
15. Re1 Qb6 16. b3 a4 17. b4 Nb3 18. Bxb3 axb3 19. Be3 b2 20. Ra2 Nxd4 21. cxd4
Ba4 22. Qd3 Qb5 23. Qb1 Bb3 24. Rxb2 Bc4 25. Qa1 Ra6 26. Bd2 Rfa8 27. Re3 Qe8
28. Rb1 Qg6 29. Qb2 Bd3 30. Ra1 b5 31. Qc3 Be4 32. Qc5 h5 33. Be1 Qg4 34. Ra2
Qxf4 35. Bf2 h4 36. Qxb5 h3 37. g3 Qg4 38. Qe2 Rc6 39. Rd2 Rc1+ 40. Rd1 Rc2 41.
Rd2 Rc1+ 42. Be1 Rac8 43. b5 Rb1 44. Rd1 Rxd1 45. Qxd1 Bxf3 46. Rxf3 Bxd4+ 47.
Bf2 Qxf3 48. Qxf3 Rc1+ 49. Qd1 Rxd1# 0-1

[Event "Invitational"]
[Site "Seattle"]
[Date "2008.02.09"]
[Round "2"]
[White "Bartron, Paul"]
[Black "Kolde, Sterling"]
[Result "1-0"]
[WhiteElo "2106"]
[BlackElo "1825"]
[PlyCount "47"]
[EventDate "2008.02.??"]
[Source "Harrison"]
[SourceDate "2008.03.19"]

1. e4 e5 2. Nf3 Nc6 3. Bb5 a6 4. Ba4 Nf6 5. O-O Be7 6. d4 exd4 7. e5 Ne4 8.
Nxd4 O-O 9. c3 Nc5 10. Bc2 Ne6 11. f4 Nexd4 12. cxd4 d5 13. Nc3 Nb4 14. Bb1 c5
15. a3 Nc6 16. Be3 b6 17. Kh1 Bb7 18. Qd3 g6 19. f5 cxd4 20. Bxd4 Nxd4 21. Qxd4
Bc5 22. Qf4 Qc7 23. b4 Be7 24. f6 1-0

[Event "Invitational"]
[Site "Seattle"]
[Date "2008.02.09"]
[Round "2"]
[White "Kelley, Dereque"]
[Black "Calpo, Ben"]
[Result "1-0"]
[WhiteElo "2035"]
[BlackElo "2018"]
[PlyCount "103"]
[EventDate "2008.02.??"]
[Source "Harrison"]
[SourceDate "2008.03.19"]

1. Nf3 c5 2. c4 Nc6 3. Nc3 Nf6 4. d4 cxd4 5. Nxd4 g6 6. g3 Bg7 7. Bg2 O-O 8.
O-O Qb6 9. Nb3 d6 10. Nd5 Nxd5 11. cxd5 Ne5 12. Be3 Qa6 13. Bd4 Bd7 14. f4 Ng4
15. Bxg7 Kxg7 16. Qd4+ Nf6 17. e4 Qb6 18. e5 Ne8 19. e6+ Qxd4+ 20. Nxd4 fxe6
21. dxe6 Bc6 22. Bxc6 bxc6 23. Nxc6 Kf6 24. g4 Kxe6 25. Rae1+ Kd7 26. Nxe7 Nf6
27. g5 Nh5 28. Nd5 Rf7 29. Re4 Re8 30. Rfe1 Rxe4 31. Rxe4 Kc6 32. Nb4+ Kc5 33.
Kg2 a5 34. Nd3+ Kd5 35. Kf3 Ng7 36. Ra4 Rb7 37. Rxa5+ Kc4 38. Ra3 Nf5 39. Rc3+
Kd4 40. a3 Re7 41. Nb4 Re6 42. Nc2+ Kd5 43. Ne3+ Kd4 44. Nxf5+ gxf5 45. Rc7
Re3+ 46. Kf2 Rb3 47. Rxh7 Ke4 48. g6 Rxb2+ 49. Kg3 Rb3+ 50. Kh4 Rb2 51. Kg5
Rg2+ 52. Kf6 1-0

[Event "Invitational"]
[Site "Seattle"]
[Date "2008.02.09"]
[Round "2"]
[White "Smith, Allen S"]
[Black "Do, Nhon"]
[Result "0-1"]
[WhiteElo "1998"]
[BlackElo "2103"]
[Annotator "Harrison"]
[PlyCount "70"]
[EventDate "2008.02.??"]
[Source "Harrison"]
[SourceDate "2008.03.19"]

{JUST-IN-TIME CHESS} 1. e4 g6 2. d4 Bg7 3. Nc3 c5 4. Nf3 cxd4 5. Nxd4 Nc6 6.
Be3 d6 $6 7. Qd2 Bd7 8. O-O-O Nf6 9. f3 {finally transposing back to the
regular Dragon, 9.O-O-O variation, with delayed castling} a6 10. Kb1 Rc8 11. g4
(11. h4 Ne5 12. h5 Nxh5 13. Bh6 Bxh6 14. Qxh6 Rxc3 15. bxc3 Qa5 16. Nb3 Qxc3
17. Rxh5 gxh5 18. Qg7 Rf8 19. f4 a5 $1 20. fxe5 a4 21. Rd3 Qe1+ 22. Nc1 Qxf1
23. exd6 Qf6 24. Qg3 h4 25. Qe3 exd6 26. Qb6 $6 Bc6 27. e5 Qxe5 28. Re3 Be4 29.
Nd3 Qd5 30. Nb4 Qe6 31. Qd4 f5 32. Nd5 Kf7 33. Nc7 Qe5 34. Qxa4 Bxc2+ 35. Qxc2
Qxe3 36. Qxf5+ Kg8 {0-1, MacGregor-Harrison 2007}) 11... h5 $1 12. g5 Nh7 13.
h4 b5 14. f4 O-O 15. Nxc6 Rxc6 16. Bd4 Bxd4 17. Qxd4 Bg4 18. Rd2 Qd7 19. Rg1
Rfc8 20. Bd3 Nf8 21. Nd5 Rb8 $11 (21... Ne6 $5 $11) 22. Qf2 Rc5 23. Ne3 Be6 24.
f5 Bc4 25. Rdd1 Qe8 26. Ng2 Nd7 27. Nf4 Ne5 28. Qe2 Qc6 $4 (28... Rbc8 $142 $15
) 29. Nxh5 $2 (29. b4 $3 $18) 29... Bxd3 (29... Rc8 $5 30. fxg6 fxg6 31. Nf4
Bxd3 $17) (29... gxh5 $2 30. Qxh5 Bxa2+ 31. Kxa2 b4 32. g6 $18) 30. cxd3 Rc8
31. Nf4 $2 (31. fxg6 fxg6 32. Nf4 Rc2 33. Nxg6 Nxg6 34. Qg4 d5 $1 $17) 31...
Rc2 $1 $19 32. Qe3 {Diagram #} Rxb2+ $1 33. Kxb2 Qc3+ 34. Kb1 Qb4+ 35. Ka1 Rc2
0-1

[Event "Invitational"]
[Site "Seattle"]
[Date "2008.02.09"]
[Round "2"]
[White "Gale, Geoff"]
[Black "Cloy, Elston"]
[Result "1-0"]
[WhiteElo "2042"]
[BlackElo "1958"]
[PlyCount "79"]
[EventDate "2008.02.??"]
[Source "Harrison"]
[SourceDate "2008.03.19"]

1. e4 e5 2. Nf3 Nc6 3. Bb5 a6 4. Ba4 Nf6 5. O-O Be7 6. Qe2 b5 7. Bb3 O-O 8. c3
d5 9. d3 Re8 10. h3 Bb7 11. Nbd2 Bf8 12. Re1 Qd7 13. Nf1 Na5 14. Bc2 c5 15. Bg5
dxe4 16. dxe4 Qe6 17. Ng3 g6 18. Nh2 c4 19. Qe3 Nd7 20. Rad1 Nc5 21. Ng4 Be7
22. Bxe7 Qxe7 23. Qh6 f6 24. Nf5 Qf8 25. Qh4 Re6 26. Nfe3 h5 27. Nh2 Rd8 28. g4
Rxd1 29. Rxd1 Bxe4 30. Bxe4 Nxe4 31. gxh5 Ng5 32. hxg6 Rd6 33. Rxd6 Qxd6 34.
Qg4 Nc6 35. h4 Ne6 36. Qh5 Qd7 37. Nhg4 Qg7 38. Nf5 Qh8 39. Ngh6+ Kf8 40. g7+
1-0

[Event "Invitational"]
[Site "Seattle"]
[Date "2008.02.12"]
[Round "2"]
[White "Chang, Eddie"]
[Black "Hosford, Michael"]
[Result "1/2-1/2"]
[WhiteElo "1842"]
[BlackElo "1878"]
[PlyCount "53"]
[EventDate "2008.02.??"]
[Source "Harrison"]
[SourceDate "2008.03.19"]

{This was the round 2 make-up game.} 1. Nf3 d5 2. d4 e6 3. c4 Nf6 4. Nc3 c6 5.
Bg5 dxc4 6. e4 b5 7. e5 h6 8. Bh4 g5 9. Nxg5 hxg5 10. Bxg5 Nbd7 11. g3 Bb7 12.
Bg2 Qb6 13. exf6 O-O-O 14. O-O c5 15. d5 b4 16. Rb1 Qa6 17. dxe6 Bxg2 18. e7
Bxf1 19. Qd5 Bxe7 20. fxe7 Bd3 21. Ne4 Bxb1 22. Nd6+ Kc7 23. Bf4 Kb6 24. Nxc4+
Kb5 25. Nd6+ Kb6 26. Nc4+ Kb5 27. Nd6+ 1/2-1/2

[Event "Invitational"]
[Site "Seattle"]
[Date "2008.02.10"]
[Round "3"]
[White "Cloy, Elston"]
[Black "Kelley, Dereque"]
[Result "1/2-1/2"]
[WhiteElo "1958"]
[BlackElo "2035"]
[PlyCount "62"]
[EventDate "2008.02.??"]
[Source "Harrison"]
[SourceDate "2008.03.19"]

1. d4 Nf6 2. c4 e6 3. Nc3 Bb4 4. e3 O-O 5. Bd3 c5 6. Nge2 d5 7. O-O b6 8. a3
Bxc3 9. Nxc3 dxc4 10. Bxc4 cxd4 11. exd4 Nc6 12. d5 Na5 13. Ba2 Nxd5 14. Nxd5
exd5 15. Qxd5 Qxd5 16. Bxd5 Bb7 17. Ba2 Ba6 18. Re1 Rfe8 19. Bd2 Bc4 20. Bxa5
Bxa2 21. Rxa2 bxa5 22. Raa1 f6 23. Kf1 Kf7 24. Rac1 Rac8 25. Red1 Ke6 26. Rxc8
Rxc8 27. Ke2 Rc2+ 28. Rd2 Rxd2+ 29. Kxd2 Kd5 30. Kc3 Kc5 31. a4 g6 1/2-1/2

[Event "Invitational"]
[Site "Seattle"]
[Date "2008.02.10"]
[Round "3"]
[White "Kolde, Sterling"]
[Black "Chang, Eddie"]
[Result "1-0"]
[WhiteElo "1825"]
[BlackElo "1842"]
[PlyCount "69"]
[EventDate "2008.02.??"]
[Source "Harrison"]
[SourceDate "2008.03.19"]

1. e4 e6 2. d4 d5 3. Nc3 h6 4. Nf3 Nf6 5. e5 Ne4 6. Bd3 Bb4 7. Bd2 Nxd2 8. Qxd2
c5 9. a3 cxd4 10. axb4 dxc3 11. bxc3 O-O 12. O-O Qc7 13. Rae1 Nd7 14. Re3 Nb6
15. Nd4 Bd7 16. Rg3 Qxe5 17. Qxh6 f5 18. f4 Qf6 19. Rg6 Qf7 20. Rf3 Be8 21.
Rfg3 Qxg6 22. Rxg6 Bxg6 23. Qxg6 Rf6 24. Qg3 Rc8 25. Nxe6 Rxe6 26. Bxf5 Rec6
27. Bxc8 Rxc8 28. Qd3 Rc4 29. g3 Kf7 30. h4 g6 31. Kf2 Kf6 32. Qe3 Nd7 33. Qxa7
Kf5 34. Qxb7 Nf6 35. Qf7 1-0

[Event "Invitational"]
[Site "Seattle"]
[Date "2008.02.10"]
[Round "3"]
[White "Do, Nhon"]
[Black "Gale, Geoff"]
[Result "1/2-1/2"]
[WhiteElo "2103"]
[BlackElo "2042"]
[PlyCount "98"]
[EventDate "2008.02.??"]
[Source "Harrison"]
[SourceDate "2008.03.19"]

1. Nf3 Nf6 2. g3 d5 3. Bg2 c6 4. O-O Bf5 5. d4 e6 6. c4 Be7 7. Nc3 O-O 8. Qb3
Qb6 9. Ne5 Qxb3 10. axb3 Bc2 11. Na4 Nbd7 12. Bg5 Bb4 13. Nd3 Be7 14. Ne5 Rfe8
15. Nxd7 Nxd7 16. Bxe7 Rxe7 17. cxd5 exd5 18. Ra3 Rxe2 19. Bh3 f5 20. Rc1 Rae8
21. Raa1 Bxb3 22. Bxf5 Nf6 23. Nc3 Rxb2 24. Rxa7 b5 25. Rb7 g6 26. Bd7 Nxd7 27.
Rxd7 b4 28. Ra1 g5 29. Na4 Rd2 30. Nc5 Bc2 31. Raa7 Bg6 32. Rdb7 g4 33. Ra1 Rb2
34. Nd7 Kh8 35. Ne5 Re2 36. Nxg6+ hxg6 37. Raa7 R8e6 38. Rh7+ Kg8 39. Rag7+ Kf8
40. Rb7 Re7 41. Rhxe7 Rxe7 42. Rxb4 Re4 43. Kg2 Re2 44. Rb7 Rd2 45. Rc7 Rxd4
46. Rxc6 Kf7 47. h3 gxh3+ 48. Kxh3 g5 49. f3 Kg7 1/2-1/2

[Event "Invitational"]
[Site "Seattle"]
[Date "2008.02.10"]
[Round "3"]
[White "Calpo, Ben"]
[Black "Bartron, Paul"]
[Result "1-0"]
[WhiteElo "2018"]
[BlackElo "2106"]
[PlyCount "91"]
[EventDate "2008.02.??"]
[Source "Harrison"]
[SourceDate "2008.03.19"]

1. e4 c5 2. Nf3 e6 3. d4 cxd4 4. Nxd4 Nf6 5. Bd3 d5 6. e5 Nfd7 7. Qe2 Nc5 8.
Bb5+ Bd7 9. O-O a6 10. Bxd7+ Nbxd7 11. b4 Na4 12. c4 dxc4 13. Bf4 b5 14. Nd2
Qb6 15. Nc2 Be7 16. Qg4 g5 17. Bxg5 Rg8 18. Qe4 Rd8 19. Bxe7 Kxe7 20. Qh4+ Kf8
21. Nf3 Nc3 22. Ng5 Nxe5 23. Nxh7+ Kg7 24. Qf6+ Kxh7 25. Qxe5 Qc6 26. Qh5+ Kg7
27. Qg5+ Kh7 28. Qh4+ Kg7 29. Rae1 Rd3 30. Re3 Kf8 31. Ne1 Qd5 32. h3 Rxe3 33.
Qh6+ Ke8 34. Qxe3 Nxa2 35. Qa3 c3 36. g3 Qd2 37. Nf3 Qe2 38. Qxa6 Qxf3 39. Qc8+
Ke7 40. Qxg8 c2 41. Qg5+ f6 42. Qc5+ Kf7 43. Qxc2 Nxb4 44. Qh7+ Kf8 45. Ra1 Nd3
46. Ra8+ 1-0

[Event "Invitational"]
[Site "Seattle"]
[Date "2008.02.10"]
[Round "3"]
[White "Hosford, Michael"]
[Black "Smith, Allen S"]
[Result "1-0"]
[WhiteElo "1878"]
[BlackElo "1998"]
[PlyCount "61"]
[EventDate "2008.02.??"]
[Source "Harrison"]
[SourceDate "2008.03.19"]

1. e4 c5 2. Nf3 e6 3. Qe2 Nc6 4. g3 Be7 5. Bg2 Nf6 6. O-O d5 7. d3 O-O 8. e5
Nd7 9. c4 Nb6 10. Nc3 f6 11. b3 fxe5 12. Nxe5 Nd4 13. Qd1 Bf6 14. f4 Bd7 15.
Bb2 Bc6 16. Nxc6 bxc6 17. Re1 Qd6 18. Rb1 e5 19. fxe5 Bxe5 20. Qg4 Rae8 21. Rf1
Rxf1+ 22. Rxf1 Nc2 23. Qf3 Kh8 24. Nb5 Bd4+ 25. Bxd4 cxb5 {Diagram #} 26. Bxg7+
Kxg7 27. Qf7+ Kh8 28. Qxe8+ Kg7 29. Rf7+ Kh6 30. Re7 Nd4 31. Qf8+ 1-0

[Event "Invitational"]
[Site "Seattle"]
[Date "2008.02.10"]
[Round "4"]
[White "Kelley, Dereque"]
[Black "Bartron, Paul"]
[Result "0-1"]
[WhiteElo "2035"]
[BlackElo "2106"]
[PlyCount "82"]
[EventDate "2008.02.??"]
[Source "Harrison"]
[SourceDate "2008.03.19"]

1. d4 d5 2. c4 e6 3. Nc3 Nf6 4. Nf3 Be7 5. Bf4 O-O 6. e3 c5 7. dxc5 dxc4 8. Qc2
Bxc5 9. Bxc4 Nc6 10. a3 a6 11. Bd3 Be7 12. O-O-O Bd7 13. g4 Rc8 14. g5 Nd5 15.
Nxd5 exd5 16. Kb1 Nd4 17. Bxh7+ Kh8 18. Rxd4 Rxc2 19. Bxc2 Qb6 20. Be5 Rc8 21.
Rh4+ Kg8 22. Bg3 (22. Bh7+ Kf8 23. Bc2 Bxa3 24. Rh8+ Ke7 25. Rxc8 Bxc8 26. Bxg7
Bg4 27. Bf6+ Kf8 28. Bd4 Bc5 29. Bxc5+ Qxc5 30. Ne5 Bh3 $15) 22... Qb5 23. a4
Qe2 24. Bh7+ Kf8 25. Ne5 Bxg5 26. Bd3 Qxd3+ 27. Nxd3 Bxh4 28. Nc5 Bf5+ 29. Ka2
Be7 30. Nxb7 Rc4 31. b3 Rc2+ 32. Ka1 Bb4 33. Be5 Ke7 34. f3 f6 35. Bd4 Rc7 36.
Nd8 Rc2 37. Nb7 Bc8 38. Kb1 Rc7 39. Nd8 Ba5 40. Rg1 Kxd8 41. b4 Rb7 0-1

[Event "Invitational"]
[Site "Seattle"]
[Date "2008.02.08"]
[Round "4"]
[White "Chang, Eddie"]
[Black "Calpo, Ben"]
[Result "0-1"]
[WhiteElo "1842"]
[BlackElo "2018"]
[Annotator "Harrison"]
[PlyCount "58"]
[EventDate "2008.02.??"]
[Source "Harrison"]
[SourceDate "2008.03.19"]

1. Nf3 d6 2. d4 Nf6 3. c4 g6 4. Nc3 Bg7 5. e4 O-O 6. Be2 c6 7. O-O e5 8. d5 Na6
9. Rb1 Nh5 10. b4 Nc7 11. Qb3 Nf4 12. Rd1 cxd5 13. exd5 Bf5 14. Rb2 g5 15. Bxf4
gxf4 16. Bd3 Bg4 17. c5 Bxf3 18. gxf3 Kh8 19. Kh1 f5 20. Rbd2 {Diagram #} e4 $5
21. fxe4 $2 (21. cxd6 $1 {was the only move:} Qxd6 22. fxe4 f3 23. exf5 {
and now black can't play 23...} Be5 $2 {because of} 24. Ne4 $1 {
therefore white is better.}) 21... f3 $3 22. Rg1 Be5 $1 23. exf5 (23. cxd6 $4
Bxh2 $1 24. Kxh2 $6 Qh4#) 23... Bxh2 24. Rg4 {to stop ...Qh4.} Rg8 $1 25. Qc4
Qf6 $5 (25... h5 $1 26. Rg6 (26. Rh4 Qg5) (26. Rg3 Bxg3) 26... Rxg6 27. fxg6
Qg5 $19) 26. Rc2 {White tries to move his rook to safety from ...Qh6.} (26.
Kxh2 Rxg4 27. Qxg4 Qh6+ 28. Kg3 Rg8 $1 {does not save white.} ({
but not the greedy} 28... Qxd2 $2 29. Qd4+ Kg8 30. Kxf3 {and white is better.})
) 26... Rxg4 27. Qxg4 Qh6 28. cxd6 Bxd6+ 29. Kg1 Rg8 0-1

[Event "Invitational"]
[Site "Seattle"]
[Date "2008.02.10"]
[Round "4"]
[White "Smith, Allen S"]
[Black "Kolde, Sterling"]
[Result "1-0"]
[WhiteElo "1998"]
[BlackElo "1825"]
[PlyCount "83"]
[EventDate "2008.02.??"]
[Source "Harrison"]
[SourceDate "2008.03.19"]

1. e4 e5 2. Nf3 Nc6 3. d4 exd4 4. Bc4 Nf6 5. e5 Ne4 6. O-O Be7 7. c3 dxc3 8.
Qd5 O-O 9. Qxe4 cxb2 10. Bxb2 d6 11. Nc3 dxe5 12. Rad1 Bd6 13. Nb5 Qf6 14. Rfe1
Bf5 15. Qh4 Rad8 16. Qxf6 gxf6 17. Nxd6 Rxd6 18. Rxd6 cxd6 19. Rd1 Rd8 20. Ba3
Na5 21. Bf1 Be6 22. Rxd6 Rxd6 23. Bxd6 Bxa2 24. Bd3 Bd5 25. Nd2 Nc6 26. f3 Kg7
27. Kf2 Be6 28. g4 h5 29. h3 hxg4 30. hxg4 Kh6 31. Bf8+ Kg5 32. Ne4+ Kg6 33.
Kg3 Nd4 34. Nd6+ Kg5 35. Be7 Bd5 36. Ne8 Kh6 37. Nxf6 e4 38. Nxe4 Bxe4 39. Bxe4
b5 40. Bf6 Ne6 41. Kh4 Nc7 42. g5# 1-0

[Event "Invitational"]
[Site "Seattle"]
[Date "2008.02.10"]
[Round "4"]
[White "Cloy, Elston"]
[Black "Do, Nhon"]
[Result "1-0"]
[WhiteElo "1958"]
[BlackElo "2103"]
[Annotator "Harrison"]
[PlyCount "103"]
[EventDate "2008.02.??"]
[Source "Harrison"]
[SourceDate "2008.03.19"]

1. d4 Nf6 2. c4 c5 3. d5 b5 4. Nf3 d6 5. a4 b4 $2 (5... bxc4 {
was forced. Now white gets fianchettoed first on the dark squares.}) 6. b3 g6
7. Bb2 Bg7 8. g3 O-O 9. Bg2 Bb7 10. O-O e6 11. Ne1 exd5 12. cxd5 Re8 13. Nc2
Nbd7 14. Re1 a5 15. e4 c4 16. bxc4 Rc8 17. Nd2 Nc5 18. Bd4 Qd7 19. Bxc5 Rxc5
20. Ne3 Qd8 21. Rc1 Ba6 22. Nb3 Rc8 23. f3 Qb6 24. Kh1 Bh6 25. c5 dxc5 26. Nc4
Bxc4 27. Rxc4 Nd7 28. f4 Qa6 29. Bf1 Qa7 30. e5 Bf8 31. Nd2 Nb6 32. Ne4 {
White says: "Take my rook, please!"} Red8 33. Nf6+ Kh8 34. f5 Bg7 ({
Here Fritz 5 thinks black can grab the exchange and win with} 34... Nxc4 35.
Bxc4 Bg7 {but here we see the defect in computer thinking, after} 36. fxg6 fxg6
37. d6 Bxf6 38. exf6 Qa8+ 39. Kg1 Rf8 40. f7 Kg7 41. Qa1+ Kh6 42. Qf6 $1 {
black is busted. The variation was too long for the computer to see, but white
knew better.}) 35. d6 Nxc4 36. Bxc4 Bxf6 37. exf6 Qd7 38. fxg6 hxg6 39. Qd2 Qh3
40. Bxf7 Rf8 41. Be6 Qh5 42. Bxc8 Qf3+ 43. Qg2 Qxf6 44. Qh3+ Kg7 45. Re7+ Rf7
46. Rxf7+ Qxf7 47. Qd7 b3 48. Qxf7+ Kxf7 49. Ba6 b2 50. Bc4+ Ke8 51. Bd3 g5 52.
Bf5 1-0

[Event "Invitational"]
[Site "Seattle"]
[Date "2008.02.10"]
[Round "4"]
[White "Gale, Geoff"]
[Black "Hosford, Michael"]
[Result "1-0"]
[WhiteElo "2042"]
[BlackElo "1878"]
[Annotator "Harrison"]
[PlyCount "168"]
[EventDate "2008.02.??"]
[Source "Harrison"]
[SourceDate "2008.03.19"]

1. e4 Nc6 2. Nf3 d6 3. d4 Nf6 4. Nc3 Bg4 5. Be3 e5 6. d5 Ne7 7. h3 Bxf3 8. Qxf3
Ng6 9. g4 Be7 10. O-O-O Nd7 11. Bb5 a6 12. Bxd7+ Qxd7 13. g5 f5 14. exf5 Rf8
15. h4 Qxf5 16. Qxf5 Rxf5 17. h5 Nf4 18. Bxf4 Rxf4 19. g6 h6 20. Rh2 O-O-O 21.
Kd2 Rdf8 22. Ke2 R8f5 23. Rg1 Bf6 24. Nd1 Bg5 25. c3 c6 26. Ne3 Rf8 27. dxc6
bxc6 28. Rg4 Bd8 29. Rxf4 Rxf4 30. f3 Kd7 31. Rg2 Ke6 32. Rg4 Rxg4 33. Nxg4 Bg5
34. b4 d5 35. Nf2 Bd8 36. Ng4 Bg5 37. a4 Kf5 38. Nf2 Be7 39. Ng4 Bg5 40. Nf2
Be7 41. Nh3 Bh4 42. Ke3 Be1 43. Kd3 e4+ 44. fxe4+ dxe4+ 45. Ke3 Bxc3 46. Nf2
Bxb4 47. Nxe4 Be7 48. Kf3 c5 49. Nc3 Kg5 50. Ke4 Kxh5 51. Kf5 Bf6 52. Ne4 Bd4
53. Nd6 Kh4 54. Ke6 Kg5 55. Kf7 h5 56. Ne8 h4 57. Nxg7 Kg4 58. Ne8 Bh8 59. Nf6+
Kf3 60. Nh7 h3 61. Kg8 h2 62. Kxh8 h1=Q 63. g7 Qa1 64. Ng5+ Kg4 65. Ne6 Qh1+
66. Kg8 c4 67. Kf7 Qb7+ 68. Kf6 Qc8 69. Nd4 c3 70. Kf7 Qd7+ 71. Kf8 Qc8+ 72.
Kf7 Kf4 73. g8=Q Qxg8+ 74. Kxg8 Ke3 75. Nb3 c2 76. Kf7 Kd3 77. Ke6 Kc4 78. Nc1
a5 79. Ke5 Kb4 80. Kd4 Kxa4 {Black offered a draw and white declined,
informing his opponent that he would try for checkmate. Black could not claim
insufficient losing chances because they were playing with a 5-second delay
clock.} 81. Kc4 Ka3 82. Kc3 a4 {?} (82... Ka4 {
!  draws easily.  Either white repeats the position with} 83. Kc4 {or allows bl
ack's king to escape to the center. In that case black would push pawns until
white was forced to take or blockade them.}) 83. Nd3 Ka2 {
Black's time may or may not have expired.} 84. Kxc2 a3 {
??  Here white claimed a win on time.} (84... a3 85. Nb4+ Ka1 86. Kc1 a2 87.
Nc2#) 1-0

[Event "Invitational"]
[Site "Seattle"]
[Date "2008.02.16"]
[Round "5"]
[White "Do, Nhon"]
[Black "Kelley, Dereque"]
[Result "1-0"]
[WhiteElo "2103"]
[BlackElo "2035"]
[Annotator "Harrison"]
[PlyCount "81"]
[EventDate "2008.02.??"]
[Source "Harrison"]
[SourceDate "2008.03.19"]

1. c4 e5 2. Nc3 d6 3. g3 g6 4. Bg2 Bg7 5. d3 Ne7 6. Nf3 O-O 7. O-O f5 8. Qb3 $6
(8. Rb1) (8. Ne1) 8... c5 (8... c6 $1 $15) 9. Bg5 Nbc6 10. Nd5 h6 11. Bd2 (11.
Bxe7 $5 Nxe7 12. Nxe7+ Qxe7 13. Ne1 {/\ Nc2-e3-d5} f4 $1 14. Be4 Rf6 15. Ng2 g5
16. e3 f3 17. Ne1 Bh3 18. Nxf3 Bxf1 19. Rxf1 $44) 11... Rb8 12. e3 Kh7 13. h4
Be6 14. Bc3 b5 15. Nxe7 Qxe7 16. h5 g5 17. Qc2 bxc4 18. dxc4 Nb4 19. Qe2 e4 20.
Nd2 Bxc3 21. bxc3 Nc6 22. Rab1 Qf7 23. g4 Rbe8 24. Rb2 Re7 25. Rfb1 Na5 26.
gxf5 Bxf5 27. Rb5 Nc6 28. Nf1 Ne5 29. Ng3 Nf3+ 30. Bxf3 exf3 31. Qd1 Bxb1 32.
Qxb1+ Kg7 33. Qd3 Qe6 34. Kh2 Rf6 35. Rb8 Qg4 36. Qd5 Qe6 37. Qd3 Rd7 38. e4
Rf4 39. Nf5+ Kh7 40. Qd5 Rxe4 $4 41. Rb7 1-0

[Event "Invitational"]
[Site "Seattle"]
[Date "2008.02.16"]
[Round "5"]
[White "Hosford, Michael"]
[Black "Cloy, Elston"]
[Result "0-1"]
[WhiteElo "1878"]
[BlackElo "1958"]
[PlyCount "90"]
[EventDate "2008.02.??"]
[Source "Harrison"]
[SourceDate "2008.03.19"]

1. e4 c5 2. Nf3 Nc6 3. Bb5 g6 4. O-O Bg7 5. c3 Nf6 6. Qe2 O-O 7. d4 cxd4 8.
cxd4 a6 9. Bxc6 bxc6 10. Nc3 a5 11. Rd1 Ba6 12. Qe1 Rb8 13. Rb1 Ne8 14. Bf4 Rb4
15. Qe3 Nd6 16. b3 Re8 17. Rbc1 Nb5 18. Na4 Bb7 19. Nc5 Ba8 20. Na6 d6 21. Nxb4
axb4 22. Bh6 Bh8 23. Ng5 e6 24. e5 Nc3 25. Rd2 f6 26. Nf3 Nd5 27. Qd3 Qe7 28.
h4 Nc3 29. Bf4 dxe5 30. dxe5 Nd5 31. Bg3 f5 32. Qd4 h6 33. Qc5 Qf7 34. a4 bxa3
35. Qxa3 f4 36. Bh2 Qf5 37. Qd6 g5 38. hxg5 hxg5 39. Qd7 Rf8 40. Re1 c5 41. Ra2
Nb4 42. Ra7 Bxf3 43. gxf3 Nd3 44. Rd1 Nxe5 45. Qb7 Qh3 0-1

[Event "Invitational"]
[Site "Seattle"]
[Date "2008.02.16"]
[Round "5"]
[White "Bartron, Paul"]
[Black "Chang, Eddie"]
[Result "1-0"]
[WhiteElo "2106"]
[BlackElo "1842"]
[Annotator "Harrison"]
[PlyCount "59"]
[EventDate "2008.02.??"]
[Source "Harrison"]
[SourceDate "2008.03.19"]

1. e4 d5 2. exd5 Qxd5 3. Nc3 Qa5 4. d4 c6 5. Be2 Nf6 6. Nf3 Bf5 7. O-O e6 8.
Bf4 Nbd7 9. a3 Be7 10. b4 Qd8 11. Na4 b5 (11... Nd5 12. Bd2 b5 13. Nc5) 12. Nb2
O-O 13. c4 a6 14. Nh4 Be4 15. Nf3 Rc8 16. Nd2 Bg6 17. Qb3 Nh5 18. Be3 Bd6 19.
g3 Nhf6 20. Bf3 h5 (20... e5 $5 $11) 21. Bg5 Be7 (21... e5) 22. Nd3 $2 {
Diagram #} Nh7 $6 (22... Bxd3 23. Qxd3 Ne5 $15) 23. Bxe7 Qxe7 24. Nf4 Qg5 25.
Bg2 h4 $2 (25... Rfd8 $5 $14) (25... Qf6 $5 $14) (25... Nb6 $5 $14) 26. Nf3 $18
Qf5 27. Nxh4 Qc2 28. Qe3 Rfe8 29. Nhxg6 fxg6 30. Be4 1-0

[Event "Invitational"]
[Site "Seattle"]
[Date "2008.02.16"]
[Round "5"]
[White "Calpo, Ben"]
[Black "Smith, Allen S"]
[Result "1-0"]
[WhiteElo "2018"]
[BlackElo "1998"]
[PlyCount "71"]
[EventDate "2008.02.??"]
[Source "Harrison"]
[SourceDate "2008.03.19"]

1. e4 c5 2. Nf3 e6 3. d4 cxd4 4. Nxd4 a6 5. Bd3 Nf6 6. O-O Qc7 7. Kh1 Bc5 8.
Nb3 Be7 9. a4 b6 10. c4 Bb7 11. Nc3 d6 12. a5 Nbd7 13. axb6 Nxb6 14. Na5 O-O
15. Nxb7 Qxb7 16. Bg5 Rac8 17. b3 Nbd7 18. Bc2 Nc5 19. Qe2 h6 20. Bh4 Rfd8 21.
Rfb1 Nfxe4 22. Nxe4 Bxh4 23. b4 Nxe4 24. Bxe4 Qb6 25. c5 dxc5 26. Rxa6 Qc7 27.
b5 Bg5 28. b6 Qe7 29. b7 Rb8 30. g3 Qd7 31. Ra8 Qd4 32. Bf3 Bf6 33. Kg2 Be5 {
Diagram #} 34. Rd1 $1 Qxd1 35. Qxe5 Qd4 36. Rxb8 1-0